000 00296nam a2200121Ia 4500
008 190216s9999||||xx |||||||||||||| ||und||
100 _aShaik Moula Dr
245 0 _aInteractions In English
260 _bPublications Division
_c1997
300 _a300p
650 _aEnglish Grammer
942 _cREF
999 _c36290
_d36290